LEADER 00942nam0 2200277 450 001 000025776 005 20090519120220.0 010 $a88-7001-074-0 100 $a20090519d1978----km-y0itaa50------ba 101 0 $aita 102 $aIT 200 1 $aParole dal profondo$fReinhold Schneider 210 $aReggio Emilia$cCittà armoniosa$dc1978 215 $a78 p.$c1. ritr.$d21 cm 225 2 $aEx libris$v15 410 0$12001$aEx libris$v15 676 $a838.9$v(21. ed.)$9Scritti miscellanei tedeschi. 1900- 700 1$aSchneider,$bReinhold$0256542 801 0$aIT$bUniversità della Basilicata - B.I.A.$gRICA$2unimarc 912 $a000025776 996 $aParole dal profondo$989927 997 $aUNIBAS BAS $aLETTERE CAT $aEXT10$b01$c20090519$lBAS01$h1202 FMT Z30 -1$lBAS01$LBAS01$mBOOK$1BASA1$APolo Storico-Umanistico$2FMAS$BFondo Masini$3FMas/817/2544$6817/2544$5B817/2544$820090519$f04$FPrestabile Didattica